<?xml version="1.0" encoding="UTF-8"?><?xml-stylesheet type="text/xsl" href="static/style.xsl"?><OAI-PMH xmlns="http://www.openarchives.org/OAI/2.0/" xmlns:xsi="http://www.w3.org/2001/XMLSchema-instance" xsi:schemaLocation="http://www.openarchives.org/OAI/2.0/ http://www.openarchives.org/OAI/2.0/OAI-PMH.xsd"><responseDate>2026-04-17T11:31:26Z</responseDate><request verb="GetRecord" identifier="oai:www.recercat.cat:10459.1/463466" metadataPrefix="marc">https://recercat.cat/oai/request</request><GetRecord><record><header><identifier>oai:recercat.cat:10459.1/463466</identifier><datestamp>2025-09-15T18:56:05Z</datestamp><setSpec>com_2072_3622</setSpec><setSpec>col_2072_479130</setSpec></header><metadata><record xmlns="http://www.loc.gov/MARC21/slim" xmlns:dcterms="http://purl.org/dc/terms/" xmlns:xsi="http://www.w3.org/2001/XMLSchema-instance" xmlns:doc="http://www.lyncode.com/xoai" xsi:schemaLocation="http://www.loc.gov/MARC21/slim http://www.loc.gov/standards/marcxml/schema/MARC21slim.xsd">
   <leader>00925njm 22002777a 4500</leader>
   <datafield ind2=" " ind1=" " tag="042">
      <subfield code="a">dc</subfield>
   </datafield>
   <datafield ind2=" " ind1=" " tag="720">
      <subfield code="a">Casado Gual, Núria</subfield>
      <subfield code="e">author</subfield>
   </datafield>
   <datafield ind2=" " ind1=" " tag="720">
      <subfield code="a">Oró Piqueras, Maricel</subfield>
      <subfield code="e">author</subfield>
   </datafield>
   <datafield ind2=" " ind1=" " tag="260">
      <subfield code="c">2023</subfield>
   </datafield>
   <datafield ind2=" " ind1=" " tag="520">
      <subfield code="a">Al inicio de su sexta década de vida, Emma Thompson sigue siendo una actriz prolífica, cuyos trabajos cinematográficos más recientes presentan la edad como un aspecto destacado. Mientras que en la película Late Night (2019) recrea la crisis de una presentadora famosa de programas de noche, cuya carrera parece acabarse cuando cumple sesenta años, en Buena suerte, Leo Grande, presenta la cruzada personal de una mujer que ha enviudado recientemente y que quiere sentir placer sexual por primera vez en su vida. En este artículo, ofrecemos el análisis textual de los contra-relatos del envejecimiento femenino que se desarrollan a través de dos de las  interpretaciones más recientes de Emma Thompson en papeles protagonistas. A través del género de la comedia dramática, estos relatos cinematográficos de la vejez femenina tratan y a la vez subvierten temas que todavía se consideran tabú desde puntos de vista edadistas o sexistas, o ambos, y que están estrechamente relacionados con la sexualidad (femenina), la creatividad y la imagen corporal en la madurez.</subfield>
   </datafield>
   <datafield ind2=" " ind1=" " tag="520">
      <subfield code="a">At the onset of her sixtieth decade, Emma Thompson remains a prolific actress, whilst
'age' has become a more salient trait in her cinematic roles. While in the film Late Night
(2019) she depicts a critical moment in the life of a successful late-night talk-show host
whose career seems to reach a dead end when she turns sixty, in Good Luck to You, Leo
Grande (2022) she presents the personal quest of a recently widowed woman to feel
sexual pleasure for the first time in her life. In this article, we offer a textual analysis of the
counter-narratives of female aging developed through Emma Thompson’s performances
in two of her most recent leading roles. Within the genre of dramatic comedy, these
cinematic narratives of female old age address and subvert topics that are still considered
taboo from either ageist or sexist perspectives, or both, and which are closely related to
(female) sexuality, creativity and body image in later life.</subfield>
   </datafield>
   <datafield tag="653" ind2=" " ind1=" ">
      <subfield code="a">Envejecimiento</subfield>
   </datafield>
   <datafield tag="653" ind2=" " ind1=" ">
      <subfield code="a">Género</subfield>
   </datafield>
   <datafield tag="653" ind2=" " ind1=" ">
      <subfield code="a">Sexo</subfield>
   </datafield>
   <datafield tag="653" ind2=" " ind1=" ">
      <subfield code="a">Sexualidad</subfield>
   </datafield>
   <datafield tag="653" ind2=" " ind1=" ">
      <subfield code="a">Estudios de cine</subfield>
   </datafield>
   <datafield tag="653" ind2=" " ind1=" ">
      <subfield code="a">Estrellato</subfield>
   </datafield>
   <datafield tag="653" ind2=" " ind1=" ">
      <subfield code="a">Emma Thompson</subfield>
   </datafield>
   <datafield ind2="0" ind1="0" tag="245">
      <subfield code="a">Cambiando los relatos del envejecimiento: las representaciones de la vejez femenina de Emma Thompson en Late night y Buena surte, Leo Grande</subfield>
   </datafield>
   <datafield ind2="0" ind1="0" tag="245">
      <subfield code="a">Changing Narratives of Ageing: Emma Thompson’s Performances of Female Old Age in Late Night and Good Luck to You, Leo Grande</subfield>
   </datafield>
</record></metadata></record></GetRecord></OAI-PMH>